| 000 | 00886nam a22002657a 4500 | ||
|---|---|---|---|
| 001 | 7116 | ||
| 003 | FISKH | ||
| 005 | 20250624102301.0 | ||
| 008 | 250624b cb ||||| |||| 00| 0 eng d | ||
| 020 | _a9789833733187 | ||
| 040 |
_aFISKH _beng _cFISKH _dFISKH |
||
| 050 | _aTD883.13 .C8513 | ||
| 082 | _a363.73 | ||
| 100 | _aCostab-Spau, Rosa | ||
| 245 |
_aKeeping the air clean / _cBy Rosa Costab-Spau |
||
| 260 |
_aNew York : _bUnipress Publishing , _c2006. |
||
| 300 |
_a29 pages : _bcolor illustrations ; _c29 cm . |
||
| 490 | _aThe junior librar of ecology | ||
| 505 | _aQ | ||
| 520 | _aEasy-to-read text and illustrations that explain global warming, the breakdown of the ozone layer, acid rain, and other environmental matters relating to the air. | ||
| 521 | 8 |
_a660
_bLexile estimate |
|
| 521 | 8 |
_aQ
_bRaz-Plus |
|
| 942 |
_2ddc _cBK _n0 |
||
| 999 |
_c7116 _d7116 |
||